000 00331nam a2200133Ia 4500
008 220204s9999 xx 000 0 und d
082 _a681.31 FRO
_bJON
100 _aJones, Dennis
245 0 _aUsing microsoft front page 98
250 _a2
260 _aNew Delhi
_bPrentice Hall
_c1998
700 _aRandall, Neil
942 _cBK
999 _c41716
_d41716